000 00683pam a2200253 a 4500
001 2385948
003 OSt
005 20160219113547.0
008 850326s1986 nyua b 001 0 eng
010 _a 85006441
020 _a0471165026 :
_c$29.95
040 _aDLC
_cDLC
_dDLC
050 0 0 _aQH541
_b.C62 1986
082 0 0 _a574.5
_219
100 1 _aColinvaux, Paul A.,
_d1930-
245 1 0 _aEcology /
_cPaul Colinvaux.
260 _aNew York :
_bWiley,
_cc1986.
300 _aix, 725 p. :
_bill. ;
_c25 cm.
500 _aIncludes index.
504 _aBibliography: p. 685-707.
650 0 _aEcology.
906 _a7
_bcbc
_corignew
_d1
_eocip
_f19
_gy-gencatlg
942 _2lcc
_cGEN
999 _c11162
_d11162